000 00356nam a2200133Ia 4500
008 220216s9999 xx 000 0 und d
100 _aMatthan R K
245 0 _aUnderexploited export potential for the Indian latex glove industry
260 _bRubber India
_c1994
300 _a75-78
650 _aGloves
650 _aNatural rubber latex
942 _cJS
999 _c71738
_d71738